Blackova - Scholesova analýza

Salvato in:
Dettagli Bibliografici
Autore principale: Pinda, Ľudovít, 1958-
Natura: Libro
Lingua:slovacco
Pubblicazione: Bratislava [Katedra matematiky FHI EU] 2010
Soggetti:
Tags: Aggiungi Tag
Nessun Tag, puoi essere il primo ad aggiungerne!!

MARC

LEADER 00000nam$a2200000$$$4500
001 0111899
005 20240502072236.3
041 0 |a slo 
044 |a SK 
245 1 0 |a Blackova - Scholesova analýza  |c Ľudovít Pinda 
264 1 |a Bratislava  |b [Katedra matematiky FHI EU]  |c 2010 
610 2 0 |a modely 
610 2 0 |a modelovanie 
610 2 0 |a opcie 
610 2 0 |a matematika finančná 
100 1 |a Pinda, Ľudovít, 1958-